000 01205nam0a2200349 4500
001 RU\NLR\BIBL_A\021996734
005 20230901111755.0
010 _a978-5-17-138492-0
_91500
021 _aRU
_bКН-П-23-040340
_9КН-П-23-4023
035 _a(NLR Aleph) 021996734
035 _a(RuMoRGB)011871530
090 _a12443021
_c12443021
100 _a20230804d2023 m y0rusy50 ca
101 1 _arus
_ceng
102 _aRU
105 _aa z 000ay
181 0 _ai3
_baxxe
182 0 _an
200 1 _aГонщики кампуса
_iБойфренд из книг
_eроман
_fК. С. Килл
_gперевод с английского Екатерины Шевченко
203 _aТекст
_bвизуальный
_cнепосредственный
210 _aМосква
_cАСТ
_d2023
215 _a380, [2] с.
_cил.
_d21
225 1 _aФранцузский поцелуй
333 _a18+
675 _a821.133.1-31
_v4
686 1 _aШ6(4Фр)67-440.4{Лх1649-50}
700 1 _aКилл
_bК. С.
_3RU\NLR\AUTH\770253400
942 _cBOOK
980 _aNB